000 01160nam a22002537i 4500
999 _c23382
_d23382
003 AR-CdUCM
008 250901b20082008 pe||||| |||| 00| 0 spa d
040 _aMUNICIPALIDAD PROVINCIAL DEL CUSCO
_cBIBLIOTECA MUNICIPAL DEL CUSCO
041 _hspa
082 _a372.47 / A59
_bA59
100 _aAndia Gonzales, Jhon Henry
_951460
245 _aMetodología y Técnicas para Docentes del Nivel Primario :
_bComprensión Lectora / Lectora /
260 _aLa Convención-Cusco :
_bAutor-Editor
_c2008
300 _a52 páginas. :
_bIlustraciones
_c21x15 cm.
505 _aLa lectura y la sociedad -- Importancia de la lectura -- Leer para comprender -- Que nos gustaría comprender -- El acceso al libro -- Técnicas de comprensión lectora -- Estrategias
650 _aLectura
_92069
650 _aSistema educativo
_910794
650 _aActividad voluntaria
_951461
650 _aComprensión lectora
_94534
650 _aTécnicas
_9975
650 _aEl texto
_951462
942 _2ddc
_cLIBROS
945 _apbjr
_d1-09-2025